Music Quiz

Random Music Quiz

Dr Horrible Lyrics 1 Quiz Stats

 Plays Quiz not verified by Sporcle

Score 0/200 Timer 10:00
0 Plays Today
% Correct
and
97.6%
a
97.6%
and
97.6%
the
97.6%
a
97.6%
a
97.6%
the
97.6%
the
97.6%
a
97.6%
and
97.6%
a
97.6%
and
97.6%
and
97.6%
and
97.6%
and
97.6%
the
97.6%
A
97.6%
a
97.6%
I
92.3%
I
92.3%
you
82.5%
you
82.5%
You
82.5%
you
82.5%
you.
82.5%
he
82.4%
you
80%
to
78.8%
So
78.8%
so
78.8%
to
78.8%
So
78.8%
to
78.8%
to
78.8%
It
78.4%
me
77.6%
me
77.6%
in
77.2%
in
77.2%
in
77.2%
In
77.2%
in
77.2%
in
77.2%
in
77.2%
in
77.2%
in
77.2%
not
76.3%
she
76.3%
they
76.3%
not
76.3%
not
76.3%
She
76.3%
not
76.3%
they
76.3%
do.
75.3%
is
75.2%
is
75.2%
is
75.2%
my
75.2%
go
75.2%
we
74.7%
can
74.3%
can
74.3%
that?
73.5%
that
73.5%
that
73.5%
hero
73.2%
% Correct
their
73.2%
hero
73.2%
their
73.2%
their
73.2%
hero
73.2%
their
73.2%
hero
73.2%
their
73.2%
hero
73.2%
own
72.3%
own
72.3%
own,
72.3%
own
72.3%
own
72.3%
Everyone's
72.1%
way.
72.1%
Everyone's
72.1%
Everyone's
72.1%
way.
72.1%
way.
72.1%
Everyone's
72.1%
way.
72.1%
Everyone's
72.1%
Everyone's
72.1%
way.
72.1%
your
71.9%
your
71.9%
your
71.9%
got
71.9%
your
71.9%
got
71.9%
got
71.9%
know
71.5%
know
71.5%
know
71.5%
who
71.1%
of
70.7%
of
70.7%
of
70.7%
Penny.
70.5%
But
70.3%
But
70.3%
But
70.3%
may
68%
just
67.9%
just
67.9%
Get
67.2%
does
67.1%
too
66.7%
like
66.7%
had
66.3%
always
66.1%
Lassie,
66%
treat.
66%
it's
65.7%
sex.
65.7%
It's
65.7%
gets
65.6%
eat
65.2%
where
65.2%
totally
65.2%
Begging
64.8%
poo!
64.7%
girlfriend,
64.5%
smells
64.3%
classy
64.1%
compassion.
64.1%
% Correct
home
63.9%
as
63.9%
as
63.9%
kind.
63.9%
heart
63.7%
heroic
63.7%
Yeah,
63.7%
being
63.7%
mostly
63.2%
muscles
63.1%
deltoids
63.1%
There's
62.9%
There's
62.9%
you're
62.8%
you're
62.8%
flex.
62.7%
guy,
62.4%
chest.
61.9%
abs
61.9%
many
61.7%
showed
61.6%
something
61.6%
especially
61.6%
real
61.1%
mine
60.8%
home's
60.7%
bash
60.1%
bash
60.1%
out
60%
up,
59.5%
must
59.2%
face.
59.2%
feel
59.1%
minds.
58.9%
cool
58.8%
thank
58.5%
you've
58.5%
what
58.4%
heads
58.3%
if
58.3%
They're
58.1%
how
58.1%
place.
57.7%
different
57.7%
enough
57.7%
homeless
57.3%
fly
56.7%
depressed.
56.3%
fine
55.6%
villains
53.5%
I'm
52.3%
I'm
52.3%
folks
51.5%
new
51.3%
doesn't
49.3%
wonder
48.7%
care
48.4%
bunch
48.4%
alcoholic
48.1%
part
47.3%
slums.
44.9%
poverty's
44%
sheriff
43.9%
scary
43.7%
bashing
43.2%
cos
17.2%

You're not logged in!

Compare scores with friends on all Sporcle quizzes.
OR
Log In

You Might Also Like...

Show Comments

Extras

Created Nov 14, 2010ReportNominate
Tags:Dr Horrible, horrible

Top Quizzes Today


Score Distribution

Your Account Isn't Verified!

In order to create a playlist on Sporcle, you need to verify the email address you used during registration. Go to your Sporcle Settings to finish the process.

Report this User

Report this user for behavior that violates our Community Guidelines.

Details: